FC Twente Squad 2024-2025 - Statistics

General Stats
  • This quiz has been taken 90 times
    53 since last reset
  • The average score is 23 of 31
Answer Stats
# Position Nation Player % Correct
11 FW Netherlands Daan Rots
90%
1 GK Germany Lars Unnerstall
90%
39 DF Netherlands Mats Rots
90%
4 MF Norway Mathias Kjølø
85%
9 FW Netherlands Ricky van Wolfswinkel
85%
2 DF Netherlands Mees Hilgers
83%
14 MF Netherlands Sem Steijn
83%
28 DF Netherlands Bart van Rooij
80%
3 DF Sweden Gustaf Lagerbielke
80%
- Coach Netherlands Joseph Oosting
80%
23 MF Czech Republic Michal Sadílek
80%
16 GK Morocco Issam El Maach
78%
37 FW Turkey Naci Ünüvar
78%
8 FW United States Taylor Booth
78%
18 MF Netherlands Michel Vlap
76%
22 GK Poland Przemysław Tytoń
76%
30 FW Tunisia Sayfallah Ltaief
76%
17 DF Belgium Alec Van Hoorenbeeck
73%
10 FW Netherlands Sam Lammers
73%
5 DF Netherlands Bas Kuipers
71%
6 MF Netherlands Carel Eiting
71%
7 FW Netherlands Mitchell van Bergen
71%
19 MF Morocco Younes Taha
71%
32 MF Belgium Arno Verschueren
68%
38 DF Netherlands Max Bruns
66%
21 GK Netherlands Sam Karssies
66%
41 MF Netherlands Gijs Besselink
56%
34 DF Netherlands Anass Salah-Eddine
54%
8 MF Netherlands Youri Regeer
51%
24 DF Netherlands Juliën Mesbahi
49%
47 DF Netherlands Gerald Alders
44%
No matching quizzes found
Score Distribution
Percent of People with Each Score
Percentile by Number Answered
Your Score History
You have not taken this quiz since the last reset